Normal view
MARC view
- LeMay, H. Eugene
Entry Personal Name
001 - CONTROL NUMBER
- control field: 31541
003 - CONTROL NUMBER IDENTIFIER
- control field: NUST
005 - DATE AND TIME OF LATEST TRANSACTION
- control field: 20201014153159.0
008 - FIXED-LENGTH DATA ELEMENTS
- fixed length control field: 201014|| aca||aabn | a|a d
040 ## - CATALOGING SOURCE
- Original cataloging agency: NUST
- Transcribing agency: NUST
100 ## - HEADING--PERSONAL NAME
- Personal name: LeMay, H. Eugene
670 ## - SOURCE DATA FOUND
- Source citation: Work cat.: (NUST)30411: Brown, Theodore L. 31539, Chemistry, the central science, thirteenth edition :, c2015.
